| 000 | 00692nam a22002057a 4500 | ||
|---|---|---|---|
| 999 |
_c169435 _d169435 |
||
| 005 | 20191120160707.0 | ||
| 010 | _aENG-126931 | ||
| 020 |
_c260.00 _a9388468597 |
||
| 035 | _aEN-110463 | ||
| 037 | _bDBAD/PUB | ||
| 082 | _aS | ||
| 245 |
_aBeyond the backyard : _ced.by C.L.L.Jayaprada, P.Sathyavathi [and] V.Pratima _bTelugu women writer's contemporary stories / |
||
| 260 |
_aNew Delhi _bSahitya Akademi _c2019 |
||
| 270 |
_aRabindra Bhawan, 35, Firozeshah Road _e110001 _bNew Delhi _msecretary@sahitya-akademi.gov.in _k011-23386626/27/28 |
||
| 300 |
_a348p. _c20cm(pbk) |
||
| 700 | _aJayaprada, C.L.L. | ||
| 700 | _aSathyavathi, P. | ||
| 700 | _aPratima, V. | ||
| 942 |
_2ddc _cEN _hS _mBEY |
||